| 000 | 00829cam a22002415a 4500 | ||
|---|---|---|---|
| 001 | 17265573 | ||
| 005 | 20201128021413.0 | ||
| 008 | 120420t2011 paua fr 000 0 eng d | ||
| 020 | _a1451112483 | ||
| 020 | _a9781451112481 | ||
| 040 |
_aDLC _cDLC _dEG-ScBUE _beng |
||
| 082 | 0 | 4 |
_a615.6 _222 _bLYN |
| 100 | 1 |
_aLynn, Pamela _939005 _q(Pamela Barbara), _d1961- |
|
| 245 | 1 | 0 |
_aLippincott's photo atlas of medication administration / _cPamela Lynn. |
| 246 | 3 | 0 | _aPhoto atlas of medication administration |
| 250 | _a4th ed. | ||
| 260 |
_aPhiladelphia : _bWolters Kluwer / Lippincott Williams & Wilkins, _cc.2011. |
||
| 300 |
_aiii, 85 p. : _bill. (col.) ; _c28 cm. |
||
| 650 | 7 |
_aDrugs _xAdministration. _2BUEsh _939006 |
|
| 650 | 7 |
_aNursing. _2BUEsh _92162 |
|
| 653 |
_bNNUR _cJuly2015 _cJanuary2016 |
||
| 942 |
_2ddc _k615.10222 LYN |
||
| 999 |
_c20209 _d20181 |
||